Countries who have won a medal at the 2018 Winter Olympic Games - Statistics

General Stats
  • This quiz has been taken 62 times
    56 since last reset
  • The average score is 26 of 30
Answer Stats
# Country % Correct
17 OAR
100%
29 Canada
98%
9 China
98%
13 Japan
98%
23 United States
98%
6 Finland
96%
15 France
96%
31 Germany
96%
20 Netherlands
96%
39 Norway
96%
17 South Korea
96%
14 Sweden
96%
2 Spain
94%
14 Austria
91%
1 Belgium
91%
3 Australia
89%
10 Italy
89%
2 Poland
89%
15 Switzerland
89%
7 Czech Republic
85%
2 Slovenia
83%
1 Ukraine
83%
3 Slovakia
81%
1 Hungary
75%
3 Belarus
74%
1 Latvia
70%
2 New Zealand
68%
1 Kazakhstan
64%
1 Liechtenstein
49%
5 Great Britain
45%
No matching quizzes found
Score Distribution
Percent of People with Each Score
Percentile by Number Answered
Your Score History
You have not taken this quiz since the last reset